Formula one 2026 drivers - Statistics

General Stats
  • This quiz has been taken 316 times
  • The average score is 18 of 22
Answer Stats
Team Answer % Correct
Scuderia Ferrari HP Lewis Hamilton
99%
Oracle Red Bull Racing Max Verstappen
99%
Mclaren Mastercard F1 Team Lando Norris
97%
Mclaren Mastercard F1 Team Oscar Piastri
96%
Scuderia Ferrari HP Charles Leclerc
94%
Aston Martin Aramco F1 Team Fernando Alonso
92%
Mercedes-AMG Petronas F1 Team George Russell
91%
Atlassian Williams Racing Carlos Sainz
88%
Aston Martin Aramco F1 Team Lance Stroll
87%
Mercedes-AMG Petronas F1 Team Kimi Antonelli
86%
Revolut Audi F1 Team Nico Hulkenberg
85%
Cadillac Formula 1 Team Valtteri Bottas
84%
MoneyGram Haas F1 Team Esteban Ocon
83%
Cadillac Formula 1 Team Sergio Perez
83%
Atlassian Williams Racing Alexander Albon
81%
BWT Alpine F1 Team Pierre Gasly
81%
Oracle Red Bull Racing Isack Hadjar
76%
Visa Cash App Racing Bulls F1 Team Liam Lawson
76%
MoneyGram Haas F1 Team Oliver Bearman
74%
BWT Alpine F1 Team Franco Colapinto
66%
Revolut Audi F1 Team Gabriel Bortoleto
62%
Visa Cash App Racing Bulls F1 Team Arvid Lindblad
51%
No matching quizzes found
Score Distribution
Percent of People with Each Score
Percentile by Number Answered
Your Score History
You have not taken this quiz